000 00872cam a2200253 4500
008 090401t1992 xxu||||| |||| 00| 0 eng d
020 _a0944298699
035 _a(Sirsi) u53316
041 _aeng
050 _a333.70973
100 _aParks, David C.
245 _aEnvironmental management for real estate professionals.
260 _aChicago
_bInstitute of Real Estate Management
_c1992
300 _axiii,214p. : ill. ; 23cm
350 _a0
520 _aAn American book, which aims to help property managers to comply with US environmental legislation and to assess other environmental problems.
650 _aEnvironment
_96238
650 _aProperty management
_96262
650 _aUNITED STATES OF AMERICA
690 _aENVIRONMENTAL AND LAND CONSULTANCY
710 _aInstitute of Real Estate Management
_92511
942 _n0
948 _c04/03/1997
999 _c93251
_d93251